• 首页
  • 本馆介绍
  • 公告通知
  • 最新文献
  • 馆藏检索
  • 电子资源
  • 读者导购
  • 参考咨询
  • 我的图书馆
  • 登录
  • 详细信息显示
  • 放入我的书架
  • 预约/预借图书
  • 作者相关作品
  • 分类相关作品
  • 丛书相关作品
  • 出版社相关作品

书目信息

  • 表格格式
  • 工作单格式
  • 卡片格式
题名:
工业会计
    
 
作者: ;厦门大学经济系财务会计教研室 编
分册:  
出版信息: 北京   中国财政经济出版社  1978
页数: 409页
开本: 20cm
丛书名:
单 册:
中图分类: F406.7
科图分类:
主题词: 工业会计
电子资源:
ISBN:
000 00636nam0 2200217 45
001 0178001901
005 20060802085817.43
010    @dCNY1.20
091    @aCN@b4166.073
100    @a19950716d1978 em y0chiy0121 ea
101 0  @achi
102    @aCN@b110000
105    @ay z 000yy
200 10 @a工业会计@Agong ye kuai ji@f厦门大学经济系财务会计教研室编
210    @a北京@c中国财政经济出版社@d1978
215    @a409页@d20cm
606    @a工业会计
690    @aF406.7@v3
711 02 @a厦门大学经济系财务会计教研室@Axia men da xue jing ji xi cai wu kuai ji jiao yan shi@4编
801  0 @aCN@bTSSF@c20060802
905    @a10447@dF406.7@e122
    
    工业会计/厦门大学经济系财务会计教研室编.-北京:中国财政经济出版社,1978
    409页;20cm
    
    
    ISBN :CNY1.20
    
●
相关链接 在E读中查询图书 在五车中查询图书 在当当中查询图书 在豆瓣中查询图书


正题名:工业会计     索取号:F406.7/122         预约/预借

序号 登录号 条形码 馆藏地/架位号 状态 备注
1 0441686   204416863   密集书库/ [索取号:F406.7/122] 在馆    
唐山师范学院图书馆 欢迎您!
大连网信软件有限公司© 版权所有